00711nam a2200193 i 4500003000900000005001700009007000300026008004100029040003000070082001700100100003600117245012200153264004500275300004100320336002700361337003100388338002800419500007000447DO-SdBNP20250127102202.0ta230814t1990 dr c || |||| 00| 0 spa d aDO-SdBNPbspacBNPHUerda 4axxxbxxx2221 aSalmador, Víctoreautor4aut.10aJosé Francisco Peña Gómez :bsus origines, su biografía, su personalidad, su pensamiento /cVíctor Salmador 4aMadrid :bEditor no identificado,c1990. a237 páginas :b retratos ;c28 cm. atextobtxt2rdacontent asin mediacionbn2rdamedia avolumenbnc2rdacarrier aIncluye datos biográficos del autor en la solapa de la cubierta